| 000 | 01009nam a2200181Ia 4500 | ||
|---|---|---|---|
| 008 | 100122s9999 xx 000 0 und d | ||
| 082 |
_b15 _a923.654 |
||
| 100 | _aपितळे विनायक माधव | ||
| 245 | _aश्रीमंत नामदार जगन्नाथ शंकरशेठ ऊर्फ नानाशंकरशेट यांचे चरित्र (9/3) | ||
| 250 | _a1 | ||
| 260 |
_bविनायक माधवराव पितळे _c1916 |
||
| 300 | _a360 | ||
| 520 | _aनानाशंकर शेट | ||
| 620 | _aनानाशंकर शेट | ||
| 630 | _aश्रीमंत नामदार जगन्नाथ शंकरशेठ ऊर्फ नानाशंकरशेट यांचे चरित्र (9/3) | ||
| 730 | _aश्रीमंत नामदार जगन्नाथ शंकरशेठ ऊर्फ नानाशंकरशेट यांचे चरित्र (9/3) | ||
| 942 | _cBOOK | ||
| 999 |
_c395207 _d395204 |
||